| 000 | 00724cab a2200229 4500 | ||
|---|---|---|---|
| 001 | WB3324-07 | ||
| 008 | 090401t1997 xxu||||| |||| 00| 0 eng d | ||
| 035 | _a(Sirsi) u79088 | ||
| 041 | _aeng | ||
| 245 | _aNew space at premium in Scotland | ||
| 260 | _c1997 | ||
| 350 | _a0 | ||
| 490 |
_aHerald _v19 June 1997, 33(1) |
||
| 520 | _aResearch from Gooch & Wagstaff shows rentals in Edinburgh`s traditional Georgian New Town office district to be significantly cheaper than for modern open plan space. | ||
| 650 | _aEDINBURGH | ||
| 650 | _aOFFICE RENTALS | ||
| 650 | _aOFFICE SPACE | ||
| 650 | _aSCOTLAND | ||
| 690 | _aPROPERTY-COMMERCIAL PROPERTY-COMMERCIAL PROPERTY MARKET | ||
| 942 | _n0 | ||
| 948 | _c20/06/1997 | ||
| 999 |
_c49703 _d49703 |
||